000 00727nam a2200217 4500
001 124054
003 ES-MaACL
005 20231220202826.0
007 t|
008 070214s1942 sp r ||||1| spa d
100 1 _aRamón y Cajal, Santiago,
_d1852-1934
_9226468
245 1 0 _aManual de anatomía patológica y nociones de bacteriología patológica /
_cpor S. Ramón y Cajal y J.F. Tello Muñoz.
250 _a10ª ed.
260 _aBarcelona :
_bCientífico-Médica,
_c1942.
300 _a573 p. :
_bil. ;
_c25 cm.
650 4 _aAnatomía patológica.
_99806
650 4 _aBacteriología médica.
_9165460
700 1 _aTello Muñoz, Jorge Francisco.
_9109658
852 _aES-MaACL
_jE-36
999 _c124054
_d124054